Excelsa ac Inclyta Deputatio, Domini Domini Gratiosissimi Colendissimi!

Bibliographic Details
Main Author: Roth, Franciscus (Author)
Format: Book
Language:Latin
PhysicalDescription:[8] s. 35 cm
Published: [B. m.] [b. n.] 1802
Subjects:

MARC

LEADER 00000nam a2200000 a 4500
001 vtls011841363
003 SK-MaSNL
005 20260301143453.0
008 240318s1802 xx 0 an0 lat
015 |a SNBHFA1802 
035 |a urn:nbn:sk:snk-am00ctci 
035 |a urn:nbn:sk:snk-am3hq9u 
035 |a 9D29CD78-C1A8-48DB-923B-7C85D560E65F 
040 |a SNKHF  |b slo  |c SNK  |e AACR2 
041 0 |a lat 
072 7 |a 35  |x Verejná správa  |2 konspekt 
080 |a 35  |2 2011 
100 1 |a Roth, Franciscus  |4 aut  |9 434309 
245 1 0 |a Excelsa ac Inclyta Deputatio, Domini Domini Gratiosissimi Colendissimi!  |c humillimus Servus Franciscus Roth m. p. Deputatus Kis-Honthensis 
260 |a [B. m.]  |b [b. n.]  |c 1802 
300 |a [8] s.  |c 35 cm 
500 |a Tabuľky. Kustody 
504 |a Titul nad textom 
508 |a Autor uvedený na konci textu 
650 0 7 |a verejná správa  |2 SNKPH  |9 1538 
655 7 |a príležitostné reči  |2 SNKPH  |9 278783 
852 |a SNK  |p SB 33121 
958 |a ONDV 
999 |c 773752  |d 775682 
952 |a SNK  |b SNK  |y PREZ  |7 0  |p 17A0992638  |o snkSB 33121  |i snkF1404/81  |8 5  |0 0  |1 0  |4 0  |d 2019-02-18  |f 1  |l 0  |r 2025-04-08 00:00:00  |w 2026-02-24